К. Э. Циолковский и философские проблемы освоения космического пространства: труды восемнадцатых-двадцатых чтений, посвященных разработке научного наследия и развитию идей К. Э. Циолковского (Калуга, 1983, 1984, 1985); секция "К. Э. Циолковский и проблемы космического производства"

書目詳細資料
Corporate Authors: Академия наук СССР (АН СССР) Институт философии (ИФ), Государственный музей истории космонавтики, К. Э. Циолковский и философские проблемы освоения космического пространства
其他作者: Казютинский В. В. (редактор), Хозин Г. С.
語言:俄语
出版: Москва, Изд-во ИИЕиТ АН СССР, 1987
主題:
格式: MixedMaterials 圖書
KOHA link:https://koha.lib.tpu.ru/cgi-bin/koha/opac-detail.pl?biblionumber=264323

MARC

LEADER 00000nam0a2200000 4500
001 264323
005 20231101233824.0
035 |a (RuTPU)RU\TPU\book\287314 
035 |a RU\TPU\book\287313 
090 |a 264323 
100 |a 20140618d1987 k y0rusy50 ca 
101 0 |a rus 
102 |a RU 
105 |a y z 001zy 
200 1 |a К. Э. Циолковский и философские проблемы освоения космического пространства  |e труды восемнадцатых-двадцатых чтений, посвященных разработке научного наследия и развитию идей К. Э. Циолковского (Калуга, 1983, 1984, 1985)  |e секция "К. Э. Циолковский и проблемы космического производства"  |f Академия наук СССР (АН СССР), Институт философии (ИФ) ; Государственный музей истории космонавтики ; под ред. В. В. Казютинский ; под ред. Г. С. Хозина 
210 |a Москва  |c Изд-во ИИЕиТ АН СССР  |d 1987 
215 |a 231 с. 
320 |a Библиография в конце докладов. 
600 1 |a Циолковский  |g Константин Эдуардович  |b К. Э.  |c русский ученый  |c изобретатель  |c основоположник современной космонавтики  |f 1857-1935  |2 stltpush  |3 (RuTPU)RU\TPU\pers\1304 
606 1 |a Космическое пространство  |x Освоение  |2 stltpush  |3 (RuTPU)RU\TPU\subj\15880  |9 42084 
610 1 |a космическая философия 
610 1 |a научная картина мира 
610 1 |a социально-философские проблемы 
610 1 |a глобальные проблемы 
610 1 |a конференции 
610 1 |a Калуга 
675 |a 629.78(063)  |v 3 
702 1 |a Казютинский  |b В. В.  |4 340 
702 1 |a Хозин  |b Г. С.  |4 340 
712 0 2 |a Академия наук СССР (АН СССР)  |b Институт философии (ИФ)  |2 stltpush  |3 (RuTPU)RU\TPU\col\11338 
712 0 2 |a Государственный музей истории космонавтики  |2 stltpush  |3 (RuTPU)RU\TPU\col\15626  |9 26196 
712 1 2 |a К. Э. Циолковский и философские проблемы освоения космического пространства  |c чтения  |d 18-20  |e Калуга  |f 1987 
801 1 |a RU  |b 63413507  |c 20140618 
801 2 |a RU  |b 63413507  |c 20150521  |g RCR 
942 |c BK